| 000 | 00893nam a2200277Ia 4500 | ||
|---|---|---|---|
| 001 | Para_7448 | ||
| 003 | CHAP | ||
| 008 | 220125s1945 xx 000 0 und d | ||
| 010 | _a206336 | ||
| 040 | _cCHAP | ||
| 082 | _aPA-C 632.3 M4 | ||
| 100 |
_aGuevara Calderón, Jos _9172645 |
||
| 245 |
_aBosquejo de ensayo sobre investigación de la microflora en la semilla de frijol : _b su identificación y la aplicación de algunos desinfectantes / _c por Jos Guevara Calderón |
||
| 260 |
_aMéxico : _b s.e. |
||
| 300 | _a4 h. | ||
| 500 | _aEncuadernado con otros impresos similares | ||
| 650 |
_aFitopatología _x colecciones de escritos _9172523 |
||
| 650 |
_aFrijol _x floración _943381 |
||
| 901 | _aPA-C 632.3 M4 | ||
| 902 | _aA | ||
| 905 | _a0000001945 0000000000 00 | ||
| 910 | _a1945 | ||
| 942 | _cPARA | ||
| 942 |
_cPARA _d1 |
||
| 999 |
_c206336 _d206336 |
||